000
nam a22 7a 4500
999
_c
40602
_d
40602
003
OSt
005
20170922164357.0
008
170922b xxu||||| |||| 00| 0 eng d
040
_c
sero soft
100
_a
Oommen,T.K
245
_a
Sociology
260
_a
Lucknow
_b
Eastern book company
_c
23/04/2017
300
_a
420
942
_2
ddc
_c
01